[Event "1st Serbian League 2022"]
[Site "Vrnjacka Banja"]
[Date "2022.09.28"]
[Round "9.19"]
[White "Predojevic, Borki"]
[Black "Sarana, Alexey"]
[Result "1/2-1/2"]
[WhiteElo "2584"]
[BlackElo "2662"]
[Annotator "TA"]
[PlyCount "35"]
[EventDate "2022.09.20"]
[EventType "team-tourn"]
[EventCountry "SRB"]
[SourceTitle "playchess.com"]
[Source "ChessBase"]
[SourceQuality "1"]
[TimeControl "40/5400+30:1800+30"]

{[%evp 9,35,21,17,23,26,8,12,24,23,26,20,24,38,29,20,21,52,23,23,23,23,28,28,26,27,14,6,9]} 1. e4 {[%emt 0:00:03]} c5 {[%emt 0:00:04]} 2. Nf3 {[%emt 0:00:05]} d6 {[%emt 0:00:04]} 3. Bb5+ {[%emt 0:00:05]} Nd7 {[%emt 0:00:05]} 4. O-O {[%emt 0:00:05]} a6 {[%emt 0:01:03]} 5. Bd3 {[%emt 0:00:12]} Ngf6 {[%emt 0:00:37]} 6. Re1 {[%emt 0:00:20] B51: Sicilian: Moscow Variation (3 Bb5+) without 3...Bd7.} e6 $1 {[%emt 0:00:10] The main line 6...e6 scores better than 6...b5.} 7. c3 {[%emt 0:00:09]} b5 {[%emt 0:00:17]} 8. Bc2 {[%emt 0:00:16]} Bb7 {[%emt 0:04:37]} 9. d4 {[%emt 0:00:31]} Be7 {[%emt 0:00:04]} 10. a4 {[%emt 0:01:42]} Qc7 {[%emt 0:03:19] [#]} 11. d5 $146 {[%emt 0:33:43]} ({Predecessor:} 11. axb5 axb5 12. Rxa8+ Bxa8 13. Qe2 Qb8 14. Nbd2 cxd4 15. cxd4 O-O 16. Nf1 Rc8 17. Ng3 {0-1 (40) Selbes,T (2255)-Cheparinov,I (2685) Ankara 2022}) 11... exd5 {[%emt 0:18:37]} 12. exd5 {[%emt 0:00:05]} Nb6 {[%emt 0:00:33]} 13. axb5 {[%emt 0:02:26]} (13. Qe2 {looks sharper.} Bxd5 14. Bg5 Bc4 15. Qe3) 13... axb5 {[%emt 0:01:08]} 14. Rxa8+ {[%emt 0:01:08]} Bxa8 {[%emt 0:00:02]} 15. Na3 {[%emt 0:00:15]} O-O {[%emt 0:13:26]} 16. Nxb5 {[%emt 0:05:43]} Qd7 {[%emt 0:00:11]} 17. Qe2 {[%emt 0:03:30] With the idea c4.} Nbxd5 {[%emt 0:08:18]} 18. c4 {[%emt 0:07:07] Weighted Error Value: White=0.05 (flawless) /Black=0.04 (flawless)} 1/2-1/2

[Event "1st Serbian League 2022"]
[Site "Vrnjacka Banja"]
[Date "2022.09.28"]
[Round "9.20"]
[White "Ivic, Velimir"]
[Black "Bogosavljevic, Boban"]
[Result "1-0"]
[WhiteElo "2553"]
[BlackElo "2533"]
[Annotator "TA"]
[PlyCount "61"]
[EventDate "2022.09.20"]
[EventType "team-tourn"]
[EventCountry "SRB"]
[SourceTitle "playchess.com"]
[Source "ChessBase"]
[SourceQuality "1"]
[TimeControl "40/5400+30:1800+30"]

{[%evp 9,61,21,14,14,14,13,40,38,39,14,13,0,0,0,0,-5,0,0,0,0,11,25,29,17,30,29,32,36,134,82,191,120,111,113,254,244,328,330,329,326,690,675,670,650,1075,1052,1069,1064,1064,826,1029,1022,29992,29993]} 1. e4 {[%emt 0:00:10][%cal Be2e4,Be4e5,Be5e6][%mdl 32]} c5 {[%emt 0:00:10]} 2. Nf3 {[%emt 0:00:06]} g6 {[%emt 0:00:07]} 3. c3 {[%emt 0:00:22]} d5 {[%emt 0:00:09]} 4. e5 {[%emt 0:00:09]} Bg4 {[%emt 0:00:13]} 5. Bb5+ {[%emt 0:00:20]} Nc6 {[%emt 0:00:06]} 6. Bxc6+ {[%emt 0:00:41] B27: Sicilian: 2 Nf3, unusual Black 2nd moves.} bxc6 {[%emt 0:00:06]} 7. O-O {[%emt 0:00:09]} Bg7 {[%emt 0:02:17]} 8. Re1 {[%emt 0:03:28] [#] White is slightly better.} f6 $146 {[%emt 0:19:48]} ({Predecessor:} 8... Qc7 9. d4 cxd4 10. cxd4 c5 11. Nc3 e6 12. Nb5 Qb6 13. Nd6+ Kf8 14. Nxf7 Kxf7 {1-0 (46) Aung,T (2268)-Manukyan,S (2253) Chess.com INT 2021}) 9. e6 {[%emt 0:16:59]} Qd6 {[%emt 0:15:10]} 10. Qe2 {[%emt 0:00:18]} f5 {[%emt 0:00:23]} 11. d3 {[%emt 0:06:57]} Nf6 {[%emt 0:01:11]} 12. h3 {[%emt 0:10:29]} Bh5 {[%emt 0:01:15]} 13. Nbd2 {[%emt 0:02:24][%cal Bb1d2,Bd2b3,Bb3c5][%mdl 32]} O-O {[%emt 0:13:49]} 14. Qf1 {[%emt 0:06:13]} h6 {[%emt 0:13:12]} 15. Ne5 {[%emt 0:02:29]} f4 {[%emt 0:04:28]} (15... Qxe6 $2 16. Nxg6 $1 {[%mdl 512]} Qd7 17. Nxf8 (17. Rxe7 Qd6 $16) 17... Rxf8 18. f4 $18) 16. Nf7 {[%emt 0:03:19] Pair of Knights!} Qc7 {[%emt 0:01:15]} 17. Nb3 {[%emt 0:01:26]} g5 {[%emt 0:04:31]} 18. Nxc5 {[%emt 0:00:58]} f3 {[%emt 0:01:16] [#]} (18... Bxf7 $14 19. exf7+ Rxf7) 19. d4 {[%emt 0:16:42] White is more active.} (19. gxf3 $142 $1 {[%cal Oh3h4] Hoping for h4!} Bxf3 20. d4) 19... Ne8 {[%emt 0:05:13]} (19... fxg2 $16 20. Qxg2 Bxf7 21. exf7+ Rxf7) 20. Ne5 {[%emt 0:06:08]} (20. gxf3 $18 {[%cal Oh3h4] Threatens to win with h4!} Bxf7 21. exf7+ Rxf7 22. Qg2) 20... fxg2 $16 {[%emt 0:02:11]} 21. Qxg2 {[%emt 0:01:50]} Nd6 {[%emt 0:00:23] [#] A mistake that costs the game.} (21... Rf5 $16 {might work better.}) 22. h4 $1 $18 {[%emt 0:01:24][%cal Bh3h4,Bh4g5][%mdl 32]} Nf5 {[%emt 0:06:04]} 23. hxg5 {[%emt 0:03:43]} Bxe5 {[%emt 0:01:06]} 24. Rxe5 {[%emt 0:00:21]} ({But not} 24. dxe5 Kh8 25. Qh3 (25. gxh6 $2 Rg8 $19) 25... Bg6 26. gxh6 a5 $18) 24... Nh4 {[%emt 0:00:09]} (24... Bg6 25. Qh2 (25. gxh6 Nh4 $18) 25... h5) 25. Qh3 {[%emt 0:03:06]} Nf3+ {[%emt 0:00:07]} 26. Kg2 {[%emt 0:01:42]} Nxe5 {[%emt 0:06:46]} 27. Qxh5 {[%emt 0:00:22] And now f4 would win.} Nf3 {[%emt 0:01:02]} 28. Qg6+ {[%emt 0:00:48]} Kh8 {[%emt 0:00:02]} 29. Qxh6+ {[%emt 0:00:06]} Kg8 {[%emt 0:00:03]} 30. Be3 {[%emt 0:01:27] Threatening mate with Rh1.} Rf4 {[%emt 0:02:09]} 31. Rh1 {[%emt 0:01:26] Weighted Error Value: White=0.11 (very precise) /Black=0.67} 1-0

[Event "1st Serbian League 2022"]
[Site "Vrnjacka Banja"]
[Date "2022.09.28"]
[Round "9.21"]
[White "Vuckovic, Bojan"]
[Black "Nenezic, Marko"]
[Result "1-0"]
[WhiteElo "2559"]
[BlackElo "2528"]
[Annotator "TA"]
[PlyCount "133"]
[EventDate "2022.09.20"]
[EventType "team-tourn"]
[EventCountry "SRB"]
[SourceTitle "playchess.com"]
[Source "ChessBase"]
[SourceQuality "1"]
[TimeControl "40/5400+30:1800+30"]

{[%evp 13,133,35,53,24,34,29,37,27,22,39,40,30,30,34,38,39,41,34,43,35,45,38,46,34,39,24,31,37,43,29,43,36,43,28,31,24,31,27,41,20,47,39,55,46,35,18,35,25,35,38,34,17,14,19,18,24,75,81,152,143,123,122,117,114,439,439,435,409,645,649,650,623,650,640,603,481,643,631,629,518,729,755,580,359,359,359,359,364,312,39,39,41,43,51,242,85,2289,5591,4706,3933,4682,4170,9463,9105,7551,7551,4617,2156,29968,29965,29964,29965,6087,5716,29975,29976,29976,29977,29978,29978,29979,29978]} 1. e4 {[%emt 0:00:52]} c5 {[%emt 0:00:30]} 2. Nf3 {[%emt 0:00:13]} Nc6 {[%emt 0:00:30]} 3. d4 {[%emt 0:00:22]} cxd4 {[%emt 0:00:26]} 4. Nxd4 {[%emt 0:00:10]} Qb6 {[%emt 0:00:34]} 5. Nb3 {[%emt 0:01:41]} Nf6 {[%emt 0:00:28]} 6. Nc3 {[%emt 0:01:02]} e6 {[%emt 0:00:35]} 7. Bd3 {[%emt 0:02:27]} a6 {[%emt 0:00:45]} 8. f4 {[%emt 0:04:48] B33: Sicilian: Pelikan and Sveshnikov Variations.} Bb4 {[%emt 0:17:52] [#]} 9. Qe2 $146 {[%emt 0:10:41]} ({Predecessor:} 9. Qf3 O-O 10. Bd2 Qc7 11. a3 Be7 12. e5 Ne8 13. O-O d6 14. Qe4 g6 15. Rae1 b5 {½-½ (64) Munenga,D (2339)-Kigigha,B (2270) Chess.com INT 2021}) 9... d5 {[%emt 0:11:36]} 10. Bd2 {[%emt 0:27:20] White is slightly better.} dxe4 {[%emt 0:17:18]} 11. Nxe4 {[%emt 0:00:21]} Nxe4 {[%emt 0:00:13]} 12. Bxe4 {[%emt 0:00:21]} Bxd2+ $1 {[%emt 0:00:28]} 13. Qxd2 {[%emt 0:00:27]} O-O {[%emt 0:02:43]} 14. O-O-O {[%emt 0:01:10]} Rd8 {[%emt 0:02:38]} 15. Qc3 {[%emt 0:01:15]} Bd7 {[%emt 0:01:28]} 16. g3 {[%emt 0:08:47]} Rac8 {[%emt 0:06:15]} 17. Qc5 {[%emt 0:01:01]} Qc7 {[%emt 0:00:10]} 18. Rd2 {[%emt 0:06:22]} (18. Qh5 f5 19. Bxc6 Bxc6 20. Rxd8+ Qxd8 $11) 18... Be8 {[%emt 0:24:41]} 19. Rhd1 {[%emt 0:02:51]} Rxd2 {[%emt 0:00:38]} 20. Rxd2 {[%emt 0:00:12]} g6 {[%emt 0:00:09]} 21. Nd4 {[%emt 0:08:19]} Na5 {[%emt 0:04:48]} 22. Qxc7 {[%emt 0:01:17]} Rxc7 {[%emt 0:00:04]} 23. b3 {[%emt 0:01:15]} Kf8 {[%emt 0:00:35]} 24. Kb2 {[%emt 0:02:13]} Ke7 {[%emt 0:02:38]} 25. c4 {[%emt 0:00:58]} Nc6 {[%emt 0:00:15]} 26. Kc3 {[%emt 0:06:05]} f6 {[%emt 0:01:45]} 27. Bxc6 {[%emt 0:03:37]} Bxc6 $14 {[%emt 0:00:38][%mdl 4096] Endgame KRB-KRN} 28. Re2 {[%emt 0:00:52]} Bd7 {[%emt 0:01:05]} 29. g4 {[%emt 0:01:11]} Kf7 {[%emt 0:01:12]} 30. g5 {[%emt 0:00:57]} h6 {[%emt 0:00:25]} 31. gxf6 {[%emt 0:04:28]} Kxf6 {[%emt 0:00:10]} 32. b4 {[%emt 0:01:11]} g5 {[%emt 0:00:53]} 33. fxg5+ {[%emt 0:00:17]} hxg5 {[%emt 0:00:04]} 34. Rf2+ {[%emt 0:00:26]} Kg6 {[%emt 0:00:28]} (34... Ke7 $11) 35. Nf3 $1 $16 {[%emt 0:00:26] Threatens to win with Ne5+.} Bc6 {[%emt 0:00:50]} ({Black should try} 35... Kf6) 36. Ne5+ {[%emt 0:00:08]} Kg7 {[%emt 0:00:04]} 37. Kd4 {[%emt 0:00:31] Prevents Be4. White is more active.} Be8 {[%emt 0:00:28]} 38. c5 {[%emt 0:01:01]} Bc6 $2 {[%emt 0:01:35][%mdl 8192]} (38... Bb5 $16 39. Ke4 a5) 39. Nxc6 $18 {[%emt 0:01:34]} Rxc6 {[%emt 0:00:07] KR-KR} 40. a4 {[%emt 0:00:15][%cal Ba2a4,Ba4a5][%mdl 32]} Rc8 {[%emt 0:01:15]} (40... e5+ $142 41. Kd5 (41. Kxe5 a5 $18) 41... Rc8 42. Kxe5 a5) 41. a5 {[%emt 0:12:41]} Rd8+ {[%emt 0:02:31]} 42. Ke5 {[%emt 0:02:06]} Rd1 {[%emt 0:00:06]} 43. Kxe6 {[%emt 0:00:07] And now Rf7+ would win.} Re1+ {[%emt 0:00:07]} 44. Kd5 {[%emt 0:00:16]} Rb1 {[%emt 0:00:09]} 45. Kc4 {[%emt 0:00:13]} Kg6 {[%emt 0:03:59]} 46. Rd2 {[%emt 0:03:37]} g4 {[%emt 0:00:34]} 47. Rd6+ {[%emt 0:03:29]} Kf5 {[%emt 0:01:42]} 48. Rb6 {[%emt 0:00:11]} Rc1+ {[%emt 0:00:27]} 49. Kb3 {[%emt 0:04:13]} Rb1+ {[%emt 0:00:13]} 50. Kc3 $1 {[%emt 0:00:12]} Rc1+ {[%emt 0:00:19]} 51. Kd2 $2 {[%emt 0:00:49]} (51. Kd3 $18) 51... Rh1 $14 {[%emt 0:00:15]} 52. Rxb7 {[%emt 0:00:12]} Rxh2+ {[%emt 0:00:06]} 53. Ke3 {[%emt 0:00:14] Hoping for b5.} Rb2 $2 {[%emt 0:04:03]} (53... Rh3+ $1 $14 54. Kd4 g3) 54. Kd3 $2 {[%emt 0:07:21]} (54. b5 $1 $18 {[%cal Rb5a6] is the precise move to win.} axb5 55. a6) 54... g3 $2 {[%emt 0:06:36][%mdl 8192] [#]} (54... Rb1 $16) 55. c6 $1 $18 {[%emt 0:00:06] White threatens c7 and mate.} ({Less strong is} 55. Rg7 Rxb4 56. c6 Rb1 $11) 55... Rb1 {[%emt 0:10:21]} 56. Rg7 {[%emt 0:00:09]} Rc1 {[%emt 0:04:13]} 57. Rxg3 {[%emt 0:00:09] Black must now prevent Re3.} Rxc6 {[%emt 0:00:04] [#]} 58. Re3 $1 {[%emt 0:00:08]} Kf6 {[%emt 0:01:00]} 59. Kd4 {[%emt 0:00:28] White wants to mate with Kd5.} Kf7 {[%emt 0:02:03]} 60. Kd5 {[%emt 0:01:36]} (60. Re5 $142 Rc8 61. Rh5) 60... Rh6 {[%emt 0:00:08]} 61. Re5 {[%emt 0:00:37]} Rg6 {[%emt 0:00:30]} 62. Kc5 {[%emt 0:00:20]} Rh6 {[%emt 0:00:54]} 63. b5 {[%emt 0:01:02] Threatening mate with b6.} axb5 {[%emt 0:00:07]} 64. Kxb5 {[%emt 0:00:04] White mates.} Rh1 {[%emt 0:01:30]} 65. a6 {[%emt 0:00:16]} Kf6 {[%emt 0:00:54]} 66. Re4 {[%emt 0:00:11]} Kf5 {[%emt 0:00:11]} 67. Ra4 {[%emt 0:00:43] Weighted Error Value: White=0.21 (precise) /Black=0.47} 1-0

[Event "1st Serbian League 2022"]
[Site "Vrnjacka Banja"]
[Date "2022.09.28"]
[Round "9.22"]
[White "Djukic, Nikola"]
[Black "Roganovic, Milos"]
[Result "1/2-1/2"]
[WhiteElo "2536"]
[BlackElo "2487"]
[Annotator "TA"]
[PlyCount "52"]
[EventDate "2022.09.20"]
[EventType "team-tourn"]
[EventCountry "SRB"]
[SourceTitle "playchess.com"]
[Source "ChessBase"]
[SourceQuality "1"]

1. e4 c5 2. Nf3 Nc6 3. d4 cxd4 4. Nxd4 g6 5. c4 Nf6 6. Nc3 d6 7. f3 Bg7 8. Be3 O-O 9. Be2 Nd7 10. Qd2 Nxd4 11. Bxd4 Bxd4 12. Qxd4 Qb6 13. O-O-O Qxd4 14. Rxd4 Nf6 15. Nd5 Nxd5 16. exd5 Bd7 17. Re1 Rac8 18. Bd3 e5 19. dxe6 Bxe6 20. Kb1 Rfd8 21. Rd1 Kf8 22. b3 Ke7 23. Be4 b6 24. Kb2 Rc5 25. a4 f5 26. Bd3 a5 1/2-1/2

[Event "1st Serbian League 2022"]
[Site "Vrnjacka Banja"]
[Date "2022.09.28"]
[Round "9.23"]
[White "Zajic, Milan"]
[Black "Strikovic, Aleksa"]
[Result "1-0"]
[WhiteElo "2402"]
[BlackElo "2491"]
[Annotator "TA"]
[PlyCount "119"]
[EventDate "2022.09.20"]
[EventType "team-tourn"]
[EventCountry "SRB"]
[SourceTitle "playchess.com"]
[Source "ChessBase"]
[SourceQuality "1"]

1. e4 d6 2. d4 Nf6 3. Nc3 e5 4. dxe5 dxe5 5. Qxd8+ Kxd8 6. Bc4 Ke8 7. f4 Bb4 8. Bd3 Nc6 9. Nf3 Bg4 10. fxe5 Nd7 11. Bf4 Bxf3 12. gxf3 Ncxe5 13. Be2 c6 14. Be3 Bc5 15. Bd2 Nb6 16. b3 f6 17. f4 Nf7 18. h4 Rd8 19. Rh2 g6 20. O-O-O Nd7 21. Nb1 Ke7 22. Rh3 Rhe8 23. Rf1 Nf8 24. h5 Kd7 25. Bd3 Kc8 26. Bc3 Bd4 27. Bxd4 Rxd4 28. Nd2 g5 29. Rg3 gxf4 30. Rxf4 Nd7 31. Nf3 Rd6 32. Rg7 Nfe5 33. Nxe5 Nxe5 34. Bf1 h6 35. Rh7 Rg8 36. Rxh6 Rg5 37. Rh7 Rg1 38. h6 Rh1 39. Kb2 Rh2 40. Kc3 a5 41. a4 Kb8 42. Rf5 Ka7 43. Rh8 Kb6 44. h7 Nf7 45. Ra8 Rxh7 46. Rfxa5 Ne5 47. R5a7 Rd1 48. a5+ Kc5 49. b4+ Kd6 50. Rd8+ Nd7 51. Be2 Kc7 52. Bxd1 Kxd8 53. Rxb7 Kc8 54. a6 Rh3+ 55. Kd4 Ne5 56. Rg7 Kb8 57. Be2 Ka8 58. Kc5 Rh8 59. a7 Rd8 60. Kb6 1-0

[Event "1st Serbian League 2022"]
[Site "Vrnjacka Banja"]
[Date "2022.09.28"]
[Round "9.24"]
[White "Perunovic, Miodrag"]
[Black "Stankovic, Milos"]
[Result "1/2-1/2"]
[WhiteElo "2413"]
[BlackElo "2439"]
[Annotator "TA"]
[PlyCount "55"]
[EventDate "2022.09.20"]
[EventType "team-tourn"]
[EventCountry "SRB"]
[SourceTitle "playchess.com"]
[Source "ChessBase"]
[SourceQuality "1"]

1. e4 c5 2. Nf3 d6 3. d4 cxd4 4. Nxd4 Nf6 5. Nc3 Nc6 6. Bg5 e6 7. Bb5 Bd7 8. Bxc6 bxc6 9. Qf3 h6 10. Bh4 c5 11. Nb3 Be7 12. O-O-O Rc8 13. Bxf6 Bxf6 14. Rxd6 Be5 15. Rd2 Qc7 16. g3 Bf6 17. Qe3 c4 18. Nd4 Rb8 19. e5 Bg5 20. f4 Qb7 21. b3 Qxh1+ 22. Rd1 Qg2 23. Rd2 Qh1+ 24. Rd1 Qg2 25. fxg5 hxg5 26. Rd2 Qh1+ 27. Rd1 Qg2 28. Rd2 1/2-1/2

[Event "1st Serbian League 2022"]
[Site "Vrnjacka Banja"]
[Date "2022.09.28"]
[Round "9.25"]
[White "Risteski, Emil"]
[Black "Sanal, Vahap"]
[Result "1/2-1/2"]
[WhiteElo "2364"]
[BlackElo "2595"]
[Annotator "TA"]
[PlyCount "214"]
[EventDate "2022.09.20"]
[EventType "team-tourn"]
[EventCountry "SRB"]
[SourceTitle "playchess.com"]
[Source "ChessBase"]
[SourceQuality "1"]

1. e4 e5 2. Nf3 Nc6 3. Bc4 Bc5 4. O-O Nf6 5. d3 d6 6. c3 a6 7. a4 Ba7 8. Re1 O-O 9. h3 h6 10. Nbd2 Ne7 11. Bb3 Ng6 12. d4 Re8 13. Bc2 Nh5 14. Nf1 Qf6 15. Ne3 Nhf4 16. Ng4 Qe7 17. Ne3 Qf6 18. Ng4 Qe7 19. Ne3 a5 20. Nf5 Qf6 21. Kh2 Ne6 22. Be3 Ngf4 23. g3 Ng6 24. Kg2 Ngf8 25. Nh2 Qg6 26. h4 h5 27. Kh1 Nh7 28. Rg1 Nf6 29. g4 Qh7 30. Qf3 Kh8 31. Nxg7 Nxg7 32. Qxf6 Qg6 33. Qxg6 fxg6 34. gxh5 gxh5 35. Rg6 Re6 36. Rg5 Re7 37. Rag1 Be6 38. Rg6 exd4 39. Bg5 Rf7 40. Bf6 Rxf6 41. Rxf6 Re8 42. Rh6+ Kg8 43. Rxe6 Rxe6 44. Bb3 Kh8 45. Rxg7 Kxg7 46. Bxe6 Kf6 47. Bc8 dxc3 48. bxc3 b5 49. Nf3 bxa4 50. Ba6 Bxf2 51. Kg2 Be3 52. Kf1 a3 53. Bc4 Bf4 54. Ke2 Bg3 55. Ke3 c6 56. Ba2 Kg6 57. Bb3 Kf6 58. Bc4 Kg6 59. Ba2 Kf6 60. Bb1 Kf7 61. Nd4 Bxh4 62. Nxc6 Be1 63. Nxa5 Bxc3 64. Nc4 Bb4 65. Ba2 Kf6 66. Kf4 Bc5 67. Nd2 Bd4 68. Nc4 Bc5 69. Bb3 Bb4 70. Ba2 Bc5 71. Nd2 Bd4 72. Nf3 Bf2 73. Bb1 h4 74. Kg4 Ke6 75. Ba2+ Kf6 76. Kh3 Kg6 77. Nxh4+ Kg5 78. Ng2 Kf6 79. Kg4 Ke5 80. Kf3 Bc5 81. Nf4 Kd4 82. Ne6+ Kc3 83. Nxc5 dxc5 84. e5 Kb2 85. e6 Kxa2 86. e7 Kb2 87. e8=Q a2 88. Qb5+ Kc2 89. Qa4+ Kb2 90. Qb5+ Kc2 91. Qxc5+ Kb2 92. Qb4+ Kc2 93. Qd4 Kb1 94. Qb4+ Kc2 95. Qa3 Kb1 96. Qb3+ Ka1 97. Qc3+ Kb1 98. Qe1+ Kb2 99. Qe2+ Kb1 100. Qd3+ Kb2 101. Ke2 a1=Q 102. Qd4+ Kb1 103. Qe4+ Ka2 104. Qc4+ Ka3 105. Qa6+ Kb2 106. Qb5+ Kc2 107. Qf5+ Kb3 1/2-1/2

[Event "1st Serbian League 2022"]
[Site "Vrnjacka Banja"]
[Date "2022.09.28"]
[Round "9.26"]
[White "Gurel, Ediz"]
[Black "Djokic, Mihailo"]
[Result "1-0"]
[WhiteElo "2437"]
[BlackElo "2197"]
[Annotator "TA"]
[PlyCount "55"]
[EventDate "2022.09.20"]
[EventType "team-tourn"]
[EventCountry "SRB"]
[SourceTitle "playchess.com"]
[Source "ChessBase"]
[SourceQuality "1"]

1. e4 c5 2. Nf3 d6 3. d4 cxd4 4. Nxd4 Nf6 5. Nc3 g6 6. Be3 Bg7 7. f3 O-O 8. Qd2 Nc6 9. O-O-O Bd7 10. g4 Rc8 11. Kb1 Ne5 12. Be2 h5 13. gxh5 Nxh5 14. f4 Nc4 15. Bxc4 Rxc4 16. f5 Kh7 17. Rhg1 Rc8 18. fxg6+ fxg6 19. Nd5 Qe8 20. Qg2 Nf6 21. Nf5 Nxd5 22. Rxd5 Rf6 23. Bd4 e5 24. Nxd6 Rxd6 25. Rxd6 exd4 26. Rxg6 Bf8 27. Rg7+ Kh8 28. Rh7+ 1-0

[Event "1st Serbian League 2022"]
[Site "Vrnjacka Banja"]
[Date "2022.09.28"]
[Round "9.27"]
[White "Jocev, Milan"]
[Black "Markus, Robert"]
[Result "1/2-1/2"]
[WhiteElo "2283"]
[BlackElo "2615"]
[Annotator "TA"]
[PlyCount "180"]
[EventDate "2022.09.20"]
[EventType "team-tourn"]
[EventCountry "SRB"]
[SourceTitle "playchess.com"]
[Source "ChessBase"]
[SourceQuality "1"]

1. d4 Nf6 2. c4 d6 3. Nf3 Nbd7 4. Nc3 g6 5. g3 Bg7 6. Bg2 O-O 7. O-O e5 8. e4 exd4 9. Nxd4 Re8 10. Re1 Nc5 11. h3 h6 12. Nb3 Ne6 13. f4 a5 14. Be3 a4 15. Nd4 Nxd4 16. Bxd4 c5 17. Bxf6 Bxf6 18. e5 dxe5 19. Qxd8 Rxd8 20. fxe5 Bg7 21. Nd5 Be6 22. Rad1 Rab8 23. b3 axb3 24. axb3 h5 25. Nf6+ Bxf6 26. exf6 Rxd1 27. Rxd1 b5 28. cxb5 Bxb3 29. Rd7 Rxb5 30. Bd5 Rb8 31. Bxb3 Rxb3 32. Kg2 Rb2+ 33. Kg1 c4 34. Rc7 Rc2 35. h4 c3 36. Kf1 Rc1+ 37. Kg2 c2 38. Rc8+ Kh7 39. Rc7 Kh6 40. Rc5 Kh7 41. Rc7 Ra1 42. Rxc2 Ra6 43. Rf2 Kg8 44. Rf4 Kf8 45. Rf2 Ke8 46. Re2+ Kd8 47. Rd2+ Kc7 48. Rf2 Kd7 49. Rd2+ Ke6 50. Rf2 Ra5 51. Rf4 Rf5 52. Ra4 Kxf6 53. Ra6+ Kg7 54. Rb6 Re5 55. Ra6 Re6 56. Ra5 Kf6 57. Kf3 Re5 58. Ra6+ Kf5 59. Ra7 f6 60. Ra4 Rd5 61. Rf4+ Ke6 62. Re4+ Kd7 63. Ra4 Kd6 64. Re4 Rd3+ 65. Kf2 Kd5 66. Re8 Rd4 67. Kf3 Rg4 68. Rf8 Ke5 69. Re8+ Kf5 70. Ra8 Re4 71. Ra5+ Re5 72. Ra4 Rc5 73. Rf4+ Ke6 74. Re4+ Kd7 75. Rd4+ Ke7 76. Re4+ Kd6 77. Rd4+ Rd5 78. Ra4 Rd3+ 79. Kf4 Rc3 80. Rd4+ Ke6 81. Re4+ Kd5 82. Re8 f5 83. Re5+ Kd6 84. Ra5 Rc4+ 85. Kf3 Rg4 86. Ra6+ Ke5 87. Ra5+ Kf6 88. Ra6+ Kg7 89. Ra7+ Kh6 90. Ra6 Re4 1/2-1/2

[Event "1st Serbian League 2022"]
[Site "Vrnjacka Banja"]
[Date "2022.09.28"]
[Round "9.28"]
[White "Kovacevic, Aleksandar"]
[Black "Radojicic, Aleksandar M"]
[Result "1-0"]
[WhiteElo "2471"]
[BlackElo "2192"]
[Annotator "TA"]
[PlyCount "61"]
[EventDate "2022.09.20"]
[EventType "team-tourn"]
[EventCountry "SRB"]
[SourceTitle "playchess.com"]
[Source "ChessBase"]
[SourceQuality "1"]

1. d4 Nf6 2. Nf3 c5 3. d5 b5 4. Bg5 g6 5. d6 Bb7 6. Nc3 a6 7. Bxf6 exf6 8. Qd2 Qb6 9. Rd1 h5 10. Qf4 Bh6 11. Qxf6 O-O 12. Ne5 Qa5 13. Nxg6 fxg6 14. Qxg6+ Bg7 15. e3 Rf6 16. Qxh5 Qb4 17. Bd3 Nc6 18. Bh7+ Kh8 19. Bg6+ Kg8 20. a3 Qa5 21. O-O Ne5 22. Bh7+ Kh8 23. Bg6+ Kg8 24. Qh7+ Kf8 25. Be4 Qb6 26. Nd5 Bxd5 27. Bxd5 Nf7 28. Bxa8 Qd8 29. Bd5 Rh6 30. Qf5 Rf6 31. Qh5 1-0

[Event "1st Serbian League 2022"]
[Site "Vrnjacka Banja"]
[Date "2022.09.28"]
[Round "9.29"]
[White "Velikic, Adela"]
[Black "Brenjo, Slavisa"]
[Result "1-0"]
[WhiteElo "2272"]
[BlackElo "2409"]
[Annotator "TA"]
[PlyCount "85"]
[EventDate "2022.09.20"]
[EventType "team-tourn"]
[EventCountry "SRB"]
[SourceTitle "playchess.com"]
[Source "ChessBase"]
[SourceQuality "1"]

1. d4 d5 2. c4 e6 3. Nf3 c5 4. cxd5 exd5 5. g3 Nc6 6. Bg2 Nf6 7. O-O Be7 8. dxc5 Bxc5 9. a3 O-O 10. b4 Bb6 11. Nc3 Re8 12. Bb2 Bg4 13. Na4 Qe7 14. Nxb6 axb6 15. Re1 Rad8 16. Rc1 Bxf3 17. Bxf3 Ne5 18. Bxe5 Qxe5 19. Qd3 h5 20. Red1 Re6 21. Qc3 Qxc3 22. Rxc3 Kf8 23. Rcd3 Re5 24. Kf1 g6 25. Bg2 g5 26. e4 g4 27. exd5 Rd6 28. Re3 Rxe3 29. fxe3 Ke7 30. Ke2 Nd7 31. Rc1 Kd8 32. Rf1 Ne5 33. Rf5 f6 34. a4 Ke7 35. Rxh5 Rd8 36. Rh7+ Kd6 37. Rxb7 Nd7 38. Be4 Ra8 39. Bf5 Ne5 40. Rxb6+ Kxd5 41. a5 Rh8 42. a6 Rxh2+ 43. Kd1 1-0

[Event "1st Serbian League 2022"]
[Site "Vrnjacka Banja"]
[Date "2022.09.28"]
[Round "9.30"]
[White "Omorjan, Dejan"]
[Black "Grbic, Milorad"]
[Result "1-0"]
[WhiteElo "2265"]
[BlackElo "2259"]
[Annotator "TA"]
[PlyCount "87"]
[EventDate "2022.09.20"]
[EventType "team-tourn"]
[EventCountry "SRB"]
[SourceTitle "playchess.com"]
[Source "ChessBase"]
[SourceQuality "1"]

1. d4 d6 2. Nf3 Nf6 3. c4 Bg4 4. Nc3 Nbd7 5. e3 e5 6. Be2 c6 7. O-O Be7 8. b3 O-O 9. e4 Re8 10. d5 c5 11. h3 Bxf3 12. Bxf3 h6 13. g3 Nh7 14. Bg2 Bf6 15. Qd3 Nhf8 16. Nd1 h5 17. h4 a6 18. Bd2 g6 19. Bc3 a5 20. Bd2 Qe7 21. Nc3 Nb8 22. Na4 Qd8 23. Bc3 Nfd7 24. Qd2 b6 25. Bh3 Ra7 26. Rae1 Rb7 27. Kh2 Bg7 28. Nb2 Nf6 29. f3 Kh7 30. Re2 Nbd7 31. Qe1 Ng8 32. Nd3 Nh6 33. Bd2 Rf8 34. g4 f6 35. gxh5 gxh5 36. Rg2 f5 37. Bg5 Bf6 38. exf5 Qe7 39. Nf2 Bxg5 40. Rxg5 Nf6 41. Ne4 Nhg8 42. a4 Rf7 43. Rfg1 Qf8 44. Qe3 1-0

[Event "1st Serbian League 2022"]
[Site "Vrnjacka Banja"]
[Date "2022.09.28"]
[Round "9.31"]
[White "Ioannidis, Evgenios"]
[Black "Krstulovic, Alex"]
[Result "1/2-1/2"]
[WhiteElo "2486"]
[BlackElo "2411"]
[Annotator "TA"]
[PlyCount "89"]
[EventDate "2022.09.20"]
[EventType "team-tourn"]
[EventCountry "SRB"]
[SourceTitle "playchess.com"]
[Source "ChessBase"]
[SourceQuality "1"]

1. c4 Nf6 2. Nc3 g6 3. e4 e5 4. Nf3 Bg7 5. Nxe5 O-O 6. Bd3 Re8 7. Nf3 Nxe4 8. O-O Nxc3 9. dxc3 d6 10. h3 Nc6 11. Bg5 Bf6 12. Be3 b6 13. Re1 Bb7 14. Bf1 Ne5 15. Nxe5 Bxe5 16. Qd2 Qd7 17. c5 Qc6 18. cxd6 Qxd6 19. Bb5 Qxd2 20. Bxd2 c6 21. Bc4 Kg7 22. a4 Re7 23. a5 Rae8 24. Kf1 Bc7 25. Be3 f6 26. b4 Bc8 27. axb6 Bxb6 28. Re2 Bxe3 29. Rxe3 Rxe3 30. fxe3 Rxe3 31. Rxa7+ Kh6 32. Ra3 f5 33. Kf2 f4 34. Be2 Bd7 35. Bf3 Rd3 36. Ra7 Be6 37. Rc7 Bd7 38. c4 Rd4 39. Be2 Rd6 40. h4 g5 41. hxg5+ Kxg5 42. b5 cxb5 43. c5 Rd5 44. c6 Bf5 45. Rb7 1/2-1/2